PHARMACOTHERAPY CASEBOOK: A PATIENT- FOCUSED APPROACH (Record no. 199465)
[ view plain ]
| 000 -LEADER | |
|---|---|
| fixed length control field | 00278nam a2200097Ia 4500 |
| 050 ## - LIBRARY OF CONGRESS CALL NUMBER | |
| Classification number | RM 263 .P433 2005 C.1 |
| 100 ## - MAIN ENTRY--PERSONAL NAME | |
| Personal name | SCHWINGHAMMER, TERTY L. |
| 245 #0 - TITLE STATEMENT | |
| Title | PHARMACOTHERAPY CASEBOOK: A PATIENT- FOCUSED APPROACH |
| 942 ## - ADDED ENTRY ELEMENTS (KOHA) | |
| Koha item type | Long Loan Book |
| Withdrawn status | Lost status | Source of classification or shelving scheme | Damaged status | Not for loan | Collection | Home library | Current library | Shelving location | Date acquired | Inventory number | Total checkouts | Barcode | Date last seen | Copy number | Price effective from | Koha item type | Full call number | Date last checked out |
|---|---|---|---|---|---|---|---|---|---|---|---|---|---|---|---|---|---|---|
| Library of Congress Classification | Medicine | Kisii University Library | Kisii University Library | On Display | 09/15/2023 | 94157 | 005214 | 09/15/2023 | C.1 | 09/15/2023 | Long Loan Book | |||||||
| Library of Congress Classification | Medicine | Kisii University Library | Kisii University Library | On Display | 09/15/2023 | 91728 | 1 | 000000004666 | 04/30/2026 | C. 2 | 09/15/2023 | Long Loan Book | RM 263 .P493 2005 | 04/18/2026 |